[Event "It (open) \\"]
[Site "?"]
[Date "2005.01.30"]
[Round "6"]
[White "Cramling Pia"]
[Black "Rogers Ian"]
[Result "1/2-1/2"]
[WhiteElo "2481"]
[BlackElo "2594"]
[PlyCount "244"]
[EventDate "2005.??.??"]
[Source "www.chesslib.no"]
[SourceDate "2004.05.04"]

1. d4 g6 2. g3 Bg7 3. Bg2 c5 4. c3 Qb6 5. dxc5 Qxc5 6. e4 d6 7. Be3 Qc7 8. a4 Nc6 9. Na3 Bd7 10. Ne2 Nf6 11. h3 Qc8 12. Nf4 O-O 13. O-O Ne5 14. Rc1 g5 15. Nd5 Nxd5 16. exd5 Bxh3 17. Bxg5 Bxg2 18. Kxg2 Qf5 19. Bxe7 Rfe8 20. Bh4 a6 21. Rc2 Qe4+ 22. f3 Qxa4 23. Re2 Qd7 24. Rfe1 b5 25. g4 f5 26. gxf5 Qxf5 27. Re4 Rf8 28. Bg3 Nxf3 29. R1e3 Nd2 30. Qxd2 Qf1+ 31. Kh2 Rf5 32. Qe2 Qxe2+ 33. Rxe2 Rxd5 34. Nc2 a5 35. Rg4 Ra7 36. Nd4 h5 37. Rg6 b4 38. Ne6 bxc3 39. bxc3 Kh7 40. Rxg7+ Rxg7 41. Nxg7 Kxg7 42. Re4 Rd3 43. Bf2 Kg6 44. Bd4 Rd2+ 45. Kg3 a4 46. Kf4 Kf7 47. Bh8 a3 48. Ra4 a2 49. Bd4 Ke6 50. Ra5 h4 51. Kg4 Rh2 52. Bh8 Kd7 53. Bf6 Ke6 54. Bd4 Kd7 55. Ra6 Ke6 56. Ra5 Kd7 57. c4 Re2 58. Bf6 Re4+ 59. Kh3 Rxc4 60. Rxa2 Ke6 61. Bxh4 Rd4 62. Bg3 Kd5 63. Kg2 Rd3 64. Ra4 Ke6 65. Kf2 Kd5 66. Bf4 Rd4 67. Ra5+ Ke4 68. Bh6 Rc4 69. Ke2 Rc2+ 70. Kd1 Rg2 71. Ra4+ Kd3 72. Ra3+ Kc4 73. Be3 d5 74. Ke1 d4 75. Ra4+ Kd3 76. Bf2 Rg4 77. Kd1 Rf4 78. Ra3+ Ke4 79. Ke1 d3 80. Ba7 Rf8 81. Ra4+ Ke5 82. Bd4+ Kd5 83. Kd2 Rf1 84. Be3 Rh1 85. Kxd3 Rd1+ 86. Ke2 Rh1 87. Kd3 Rd1+ 88. Bd2 Ke5 89. Ra5+ Ke6 90. Ke2 Rh1 91. Kf3 Rd1 92. Be3 Rf1+ 93. Ke4 Re1 94. Ra6+ Kd7 95. Kd4 Rd1+ 96. Kc5 Rd3 97. Bd4 Rd2 98. Kd5 Rd1 99. Ra7+ Kd8 100. Ke5 Kc8 101. Rh7 Rd2 102. Bc5 Rd7 103. Rh4 Kb7 104. Bd6 Rg7 105. Kd5 Rg5+ 106. Be5 Kb6 107. Rb4+ Ka5 108. Rb1 Rh5 109. Kd4 Ka6 110. Bd6 Rb5 111. Ra1+ Ra5 112. Rh1 Kb7 113. Bc5 Ra2 114. Bb4 Rg2 115. Rh7+ Kc6 116. Rh6+ Kd7 117. Bc3 Rg1 118. Kd5 Rd1+ 119. Bd4 Rd2 120. Rh7+ Kd8 121. Ke5 Kc8 1 2. Bc5 Rd7 1/2-1/2

[Event "BRA-ch playoff"]
[Site "Itabirito"]
[Date "1998.12.18"]
[Round "4"]
[White "Leitao, Rafael"]
[Black "Vescovi, Giovanni P"]
[Result "1/2-1/2"]
[WhiteElo "2550"]
[BlackElo "2525"]
[PlyCount "20"]
[EventDate "1998.12.15"]
[Source "ChessBase"]
[SourceDate "1999.04.01"]

1. d4 g6 2. c4 Bg7 3. Nc3 c5 4. d5 Bxc3+ 5. bxc3 f5 6. f3 Nf6 7. e4 fxe4 8. fxe4 d6 9. Bd3 Nbd7 10. Nf3 Ng4 1/2-1/2

[Event "ch"]
[Site "Berkeley ch"]
[Date "1984.??.??"]
[Round "1"]
[White "Gurevich, Dmitry B"]
[Black "Dzindzichashvili, Roman"]
[Result "1/2-1/2"]
[WhiteElo "2545"]
[BlackElo "2520"]
[PlyCount "46"]
[EventDate "1984.??.??"]
[Source "www.chesslib.no"]
[SourceDate "2004.05.04"]

1. d4 g6 2. c4 Bg7 3. Nc3 c5 4. d5 Bxc3+ 5. bxc3 f5 6. g4 fxg4 7. h3 g3 8. fxg3 d6 9. Qa4+ Bd7 10. Qb3 Qa5 11. Bd2 Nf6 12. Bg2 Qa6 13. a4 Bf5 14. Nf3 Nbd7 15. Bh6 O-O-O 16. a5 b6 17. Kf2 bxa5 18. Ne5 dxe5 19. Qb5 Bxh3 20. Qb1 Nb6 21. Qb5 Ng8 22. Qb2 e6 23. Rh2 g5 1/2-1/2

[Event "Athens tt"]
[Site "?"]
[Date "1996.??.??"]
[Round "?"]
[White "Miladinovic Igor"]
[Black "Skembris Spyridon"]
[Result "1-0"]
[WhiteElo "2560"]
[BlackElo "2505"]
[PlyCount "67"]
[EventDate "1996.??.??"]
[Source "www.chesslib.no"]
[SourceDate "2004.05.04"]

1. d4 g6 2. c4 Bg7 3. Nc3 f5 4. h4 Nf6 5. h5 Nxh5 6. e4 Nf6 7. e5 Ng8 8. f4 d6 9. Nf3 Nh6 10. Bd3 Ng4 11. Qe2 dxe5 12. fxe5 Nc6 13. Be3 Nb4 14. O-O-O Nxd3+ 15. Rxd3 a6 16. d5 b5 17. Bd4 bxc4 18. Rdd1 c6 19. dxc6 Be6 20. Ng5 Qc8 21. c7 h6 22. Bb6 O-O 23. Rd8 hxg5 24. Rxc8 Raxc8 25. Rd1 Kf7 26. Na4 Nxe5 27. Nc5 Rh8 28. Nxe6 Kxe6 29. Rd8 g4 30. Kc2 Bf6 31. Qd2 Nd3 32. Qa5 Kf7 33. Qd5+ Kg7 34. Qd7 1-0

[Event "Masters"]
[Site "Bunratty IRL"]
[Date "2008.02.23"]
[Round "2"]
[White "Short, P."]
[Black "Svidler, P."]
[Result "0-1"]
[WhiteElo "2300"]
[BlackElo "2763"]
[PlyCount "58"]
[EventDate "2008.02.22"]
[Source "www.chesslib.no"]
[SourceDate "2004.05.04"]

1. d4 g6 2. Nf3 Bg7 3. c4 c5 4. e3 Nf6 5. Be2 cxd4 6. Nxd4 Nc6 7. O-O O-O 8. Nc3 d6 9. Nxc6 bxc6 10. e4 Qa5 11. Qc2 Rb8 12. Rb1 Be6 13. Bd2 Qc7 14. h3 d5 15. cxd5 cxd5 16. exd5 Nxd5 17. Qa4 Nxc3 18. bxc3 Be5 19. Bf3 h5 20. Rfe1 Rxb1 21. Rxb1 Rb8 22. Rxb8+ Qxb8 23. Qc2 Bc4 24. Be3 a5 25. g4 hxg4 26. hxg4 Qb5 27. Be4 Bd6 28. Bd4 Qg5 29. Bf3 Qf4 0-1

[Event "Dortmund (open)"]
[Site "?"]
[Date "1992.??.??"]
[Round "?"]
[White "Dautov, R."]
[Black "Vokac, M."]
[Result "1-0"]
[WhiteElo "2610"]
[BlackElo "2450"]
[PlyCount "93"]
[EventDate "1992.??.??"]
[Source "ChessBase"]
[SourceDate "1992.02.01"]

1. d4 g6 2. c4 Bg7 3. Nc3 c5 4. d5 Bxc3+ 5. bxc3 f5 6. h4 Nf6 7. h5 Rg8 8. hxg6 hxg6 9. Nf3 d6 10. Ng5 Qa5 11. Qb3 Nbd7 12. Bf4 Rb8 13. e3 b5 14. cxb5 Bb7 15. e4 fxe4 16. Bd2 c4 17. Bxc4 Nc5 18. Qc2 Rc8 19. O-O Ncd7 20. Bb3 Qxb5 21. c4 Qa6 22. Bc3 Rxc4 23. Bxc4 Qxc4 24. Qb2 Qxd5 25. Rfd1 Qxg5 26. Qxb7 e3 27. Qxa7 e2 28. Rd3 Kf7 29. Re1 Rh8 30. Re3 Qf4 31. Rg3 Rh5 32. Qe3 Qxe3 33. Rxe3 e5 34. R3xe2 Ke6 35. a4 Nd5 36. Rc2 Nc5 37. a5 Nd3 38. Ra1 N3f4 39. Be1 Rh7 40. a6 Ra7 41. Ra3 Kd7 42. f3 Ne6 43. Bf2 Ra8 44. a7 Ndc7 45. Rb2 Nd8 46. Rb8 Nc6 47. Rab3 1-0

[Event "FRA-chT N2 2003/2004"]
[Site "FRA"]
[Date "2003.11.15"]
[Round "2.1"]
[White "Barsov, Alexei"]
[Black "Chatalbashev, Boris"]
[Result "0-1"]
[WhiteElo "2525"]
[BlackElo "2534"]
[PlyCount "50"]
[EventDate "2004.10.12"]
[Source "Roberto Alvarez"]
[SourceDate "2004.09.15"]

1. d4 g6 2. c4 Bg7 3. Nf3 c5 4. d5 d6 5. e4 e6 6. Nc3 exd5 7. exd5 Nh6 8. Qe2+ Kf8 9. h3 f6 10. Bf4 Nf7 11. Qd2 g5 12. Be3 h6 13. h4 Nd7 14. Be2 g4 15. Nh2 f5 16. h5 Be5 17. Nf1 Qf6 18. Bf4 Bxf4 19. Qxf4 Qg5 20. g3 Nf6 21. f3 Bd7 22. fxg4 fxg4 23. Ne3 Re8 24. Kd2 Qg7 25. Raf1 Re5 0-1

[Event "BL2-S 9596"]
[Site "GER"]
[Date "1996.??.??"]
[Round "?"]
[White "Pinter, Jozsef"]
[Black "Sokolovs, Andrei"]
[Result "1-0"]
[WhiteElo "2560"]
[BlackElo "2495"]
[PlyCount "143"]
[EventDate "1995.10.??"]
[Source "www.chesslib.no"]
[SourceDate "2004.05.04"]

1. d4 g6 2. c4 Bg7 3. Nc3 c5 4. d5 Bxc3+ 5. bxc3 f5 6. Nh3 Qa5 7. Bd2 Nf6 8. f3 d6 9. Nf4 Nbd7 10. Qb3 Nb6 11. e3 Bd7 12. a4 O-O-O 13. Be2 Rhe8 14. Kf2 e5 15. dxe6 Bxe6 16. Nxe6 Rxe6 17. Rhd1 Rde8 18. Bf1 R8e7 19. Qb5 Qxb5 20. cxb5 d5 21. a5 Nbd7 22. c4 Ne5 23. cxd5 Nxd5 24. Rdc1 Rc7 25. Ra4 Rd6 26. Kg1 Nf6 27. Bc3 Re7 28. b6 Kb8 29. bxa7+ Kxa7 30. Be1 Nfd7 31. Bg3 Rd2 32. Bh4 Re6 33. Be1 Rdd6 34. Ra3 Nc6 35. Bc4 Re8 36. Bb5 Rc8 37. Ra2 Ncb8 38. Bg3 Re6 39. Rd2 Nf6 40. Kf2 Na6 41. Bc4 Rec6 42. Rcd1 Nb4 43. h3 Na6 44. Bf4 Nc7 45. Be5 Re8 46. Bxf6 Rxf6 47. Rd7 Rc8 48. Rxh7 Kb8 49. Rdd7 b5 50. axb6 Rxb6 51. Rd2 Ne8 52. Rhd7 Nf6 53. Re7 Rc7 54. Re5 Kb7 55. g4 fxg4 56. hxg4 Rb4 57. Rc2 Rh7 58. Kg3 Nd7 59. Re6 Rb6 60. f4 Kc7 61. e4 Rh1 62. Rxb6 Kxb6 63. e5 Rh8 64. Rd2 Kc7 65. Bf7 g5 66. fxg5 Nxe5 67. g6 Ra8 68. Rd5 Nxf7 69. gxf7 Rf8 70. Rxc5+ Kd6 71. Rf5 Ke6 72. Kh4 1-0

[Event "Corr"]
[Site "?"]
[Date "1999.??.??"]
[Round "4"]
[White "Polaczek Richard"]
[Black "Copie Jose Antonio"]
[Result "1/2-1/2"]
[WhiteElo "2500"]
[BlackElo "2553"]
[PlyCount "33"]
[EventDate "1999.??.??"]
[Source "www.chesslib.no"]
[SourceDate "2004.05.04"]

1. d4 g6 2. c4 Bg7 3. e4 d6 4. Be3 Nf6 5. f3 O-O 6. Ne2 Nbd7 7. Qd2 c5 8. Nbc3 a6 9. d5 Ne5 10. Nc1 e6 11. a4 exd5 12. cxd5 Nh5 13. Be2 Qh4+ 14. Bf2 Qf4 15. Be3 Qh4+ 16. Bf2 Qf4 17. Be3 1/2-1/2

[Event "It (Open) Malaga ESP"]
[Site "?"]
[Date "2006.03.04"]
[Round "9.1"]
[White "Romanishin Oleg M"]
[Black "Cicak Slavko"]
[Result "1/2-1/2"]
[WhiteElo "2552"]
[BlackElo "2500"]
[PlyCount "45"]
[EventDate "2006.??.??"]
[Source "www.chesslib.no"]
[SourceDate "2004.05.04"]

1. d4 g6 2. Nf3 Bg7 3. g3 c5 4. c3 Qc7 5. Bg2 Nf6 6. O-O O-O 7. Bf4 d6 8. Qd2 Bf5 9. Bh6 Be4 10. Bxg7 Kxg7 11. Qe3 Nbd7 12. Nbd2 Bc6 13. c4 cxd4 14. Qxd4 Qb6 15. Qc3 Kg8 16. Rac1 Nc5 17. b3 e5 18. b4 Nce4 19. Nxe4 Nxe4 20. Qa3 a6 21. e3 Rfd8 22. Rfd1 Nf6 23. c5 1/2-1/2

[Event "HUN-chT 9900"]
[Site "?"]
[Date "2000.??.??"]
[Round "9"]
[White "Pinter Jozsef"]
[Black "Okhotnik Vladimir"]
[Result "1-0"]
[WhiteElo "2553"]
[BlackElo "2499"]
[PlyCount "79"]
[EventDate "2000.??.??"]
[Source "www.chesslib.no"]
[SourceDate "2004.05.04"]

1. d4 g6 2. c4 Bg7 3. e4 c6 4. Nc3 d5 5. e5 Nh6 6. h3 O-O 7. Nf3 f6 8. exf6 exf6 9. Be2 Be6 10. Qb3 Qd7 11. O-O dxc4 12. Bxc4 Bxc4 13. Qxc4+ Qf7 14. Qd3 Na6 15. Bxh6 Bxh6 16. a3 Qb3 17. Rfe1 Nc7 18. Nd2 Bxd2 19. Qxd2 Rae8 20. Ne4 Ne6 21. Rad1 b6 22. d5 Rd8 23. Qc3 Qxc3 24. Nxc3 Nc7 25. dxc6 Kf7 26. a4 a6 27. b4 b5 28. axb5 axb5 29. Ra1 Rc8 30. Ne4 Ra8 31. Rxa8 Rxa8 32. Rd1 Na6 33. Nd6+ Ke7 34. Nxb5 Rc8 35. Rd7+ Ke6 36. Nd4+ Ke5 37. b5 Nc5 38. Nf3+ Ke4 39. Rd4+ Kf5 40. Rd5+ 1-0

[Event "GEO-ch"]
[Site "?"]
[Date "2001.04.02"]
[Round "3.1"]
[White "Supatashvili Khvicha"]
[Black "Sturua Zurab"]
[Result "0-1"]
[WhiteElo "2469"]
[BlackElo "2580"]
[PlyCount "80"]
[EventDate "2001.??.??"]
[Source "www.chesslib.no"]
[SourceDate "2004.05.04"]

1. d4 g6 2. c4 Bg7 3. g3 c5 4. d5 d6 5. Bg2 Nd7 6. Nc3 Bxc3+ 7. bxc3 f5 8. Nf3 Ngf6 9. Ng5 Qa5 10. Qb3 Nb6 11. Ne6 Kf7 12. e4 Nxe4 13. Bxe4 fxe4 14. Ng5+ Ke8 15. O-O Qa4 16. Nxe4 Bf5 17. Re1 Kd7 18. Bg5 Rae8 19. Rab1 Kc7 20. Bf4 Qxc4 21. Qxc4 Nxc4 22. g4 Bxg4 23. Nxc5 Nb6 24. c4 g5 25. Bg3 h5 26. h3 Bf5 27. Rb3 h4 28. Bh2 Rhg8 29. Rf3 Bc8 30. Ne6+ Bxe6 31. Rxe6 Nxc4 32. Rc3 b5 33. a4 a6 34. axb5 axb5 35. Re4 Kd7 36. Kg2 Rc8 37. Rg4 Rc5 38. Rd4 Rf8 39. Rcd3 Rf5 40. Rd1 Nb6 0-1

[Event "III Memorial Pereyra Puebla"]
[Site "Mendoza"]
[Date "2004.12.17"]
[Round "9.3"]
[White "Hellsten, Johan"]
[Black "Panno, Oscar"]
[Result "1-0"]
[WhiteElo "2564"]
[BlackElo "2482"]
[PlyCount "41"]
[EventDate "2004.12.11"]
[Source "Roberto Alvarez"]
[SourceDate "2004.12.13"]

1. d4 g6 2. c4 Bg7 3. Nc3 c5 4. d5 Bxc3+ 5. bxc3 f5 6. e4 fxe4 7. f3 e5 8. dxe6 Qe7 9. Nh3 Nf6 10. Be2 exf3 11. Bxf3 dxe6 12. O-O Nbd7 13. Bh6 e5 14. Qa4 Kd8 15. Qa5+ b6 16. Qa4 e4 17. Qc6 Rb8 18. Bf4 Ne5 19. Rad1+ Bd7 20. Bxe5 Qxe5 21. Bg4 1-0

[Event "BCF Ch"]
[Site "Eastbourne"]
[Date "1991.??.??"]
[Round "11"]
[White "Hodgson, Julian M"]
[Black "Norwood, David"]
[Result "1/2-1/2"]
[WhiteElo "2545"]
[BlackElo "2500"]
[PlyCount "21"]
[EventDate "1991.07.??"]
[Source "www.chesslib.no"]
[SourceDate "2004.05.04"]

1. d4 g6 2. h4 Nf6 3. Bg5 Bg7 4. Nd2 c5 5. c3 cxd4 6. cxd4 Qb6 7. Nc4 Qb4+ 8. Bd2 Qxc4 9. Rc1 Qxc1 10. Bxc1 Nc6 11. Nf3 1/2-1/2

[Event "Bundesliga 0001"]
[Site "Germany"]
[Date "2001.03.11"]
[Round "11.6"]
[White "Georgiev, Vladimir"]
[Black "Appel, Ralf"]
[Result "1-0"]
[WhiteElo "2564"]
[BlackElo "2481"]
[PlyCount "81"]
[EventDate "2000.10.14"]
[Source "ChessBase"]
[SourceDate "2001.07.03"]

1. d4 g6 2. e4 Bg7 3. c4 Nc6 4. Nf3 e5 5. Bg5 Nge7 6. dxe5 Nxe5 7. Nxe5 Bxe5 8. Nc3 c6 9. f4 Bg7 10. Qd6 h6 11. Bf6 Bxf6 12. Qxf6 O-O 13. O-O-O Kh7 14. h4 d5 15. Be2 Qe8 16. cxd5 cxd5 17. exd5 Nf5 18. g4 Ng3 19. Rhe1 Qd8 20. Qxd8 Nxe2+ 21. Rxe2 Rxd8 22. Re7 Bxg4 23. Rde1 Rd7 24. Rxd7 Bxd7 25. Re7 Rd8 26. Rxf7+ Kg8 27. Re7 Kf8 28. Re5 b5 29. a3 a5 30. b4 axb4 31. axb4 Rc8 32. Kb2 Bf5 33. Nxb5 Rc4 34. Kb3 Rxf4 35. Nc3 Bd3 36. b5 Bc4+ 37. Ka3 Rxh4 38. b6 Ba6 39. d6 Rd4 40. Rd5 Rxd5 41. Nxd5 1-0

[Event "6. EICC"]
[Site "?"]
[Date "2005.06.30"]
[Round "12"]
[White "Grabarczyk Miroslaw"]
[Black "Postny Evgeny"]
[Result "0-1"]
[WhiteElo "2487"]
[BlackElo "2556"]
[PlyCount "146"]
[EventDate "2005.??.??"]
[Source "www.chesslib.no"]
[SourceDate "2004.05.04"]

1. d4 g6 2. Nf3 Bg7 3. c4 c5 4. d5 d6 5. e4 Nf6 6. Nc3 Bg4 7. Qa4+ Qd7 8. Qxd7+ Nfxd7 9. Nd2 Nb6 10. Bd3 Na6 11. a3 O-O 12. O-O Nc7 13. Rb1 Rab8 14. Re1 Bd7 15. Nf3 Bxc3 16. bxc3 f6 17. Bh6 Rfe8 18. Re3 Ba4 19. Nd2 Nd7 20. f4 b5 21. Ree1 bxc4 22. Nxc4 Bb5 23. a4 Ba6 24. Bf1 Rxb1 25. Rxb1 Rb8 26. Rxb8+ Nxb8 27. Na5 Bxf1 28. Kxf1 f5 29. Ke2 fxe4 30. c4 Kf7 31. Ke3 Nd7 32. Kxe4 Nb6 33. Kd3 Nxa4 34. Nc6 e6 35. dxe6+ Nxe6 36. Nxa7 Nb2+ 37. Kc3 Nd1+ 38. Kd2 Nf2 39. h3 Ne4+ 40. Kd3 Ng3 41. Bg5 Nxg5 42. fxg5 Ke6 43. Nc6 Kf5 44. Ne7+ Kf4 45. Nc8 Ke5 46. Nb6 Kf5 47. Nc8 Ke6 48. Ke3 Ke5 49. Nb6 Nf5+ 50. Kd3 Nh4 51. Nd7+ Kf4 52. Nf6 Nxg2 53. Nxh7 Kf5 54. Kd2 Nf4 55. h4 Ng2 56. Nf6 Nxh4 57. Ke3 Kxg5 58. Ne8 Nf5+ 59. Ke4 Kg4 60. Nf6+ Kg3 61. Ne8 Kf2 62. Kf4 Ke2 63. Kg5 Kd3 64. Kxg6 Ne7+ 65. Kf6 Nc8 66. Ke6 Kxc4 67. Kd7 d5 68. Kxc8 d4 69. Kb7 d3 70. Nd6+ Kb4 71. Ne4 c4 72. Nf2 d2 73. Kc6 c3 0-1

[Event "ch, YUG"]
[Site "?"]
[Date "1998.??.??"]
[Round "4"]
[White "Drasko Milan"]
[Black "Popovic Petar"]
[Result "1/2-1/2"]
[WhiteElo "2515"]
[BlackElo "2525"]
[PlyCount "25"]
[EventDate "1998.??.??"]
[Source "www.chesslib.no"]
[SourceDate "2004.05.04"]

1. d4 g6 2. c4 Bg7 3. Nf3 c6 4. g3 f5 5. Bg2 d5 6. O-O Bf6 7. b3 dxc4 8. Bh6 a5 9. Nc3 g5 10. Re1 Qd5 11. bxc4 Nd7 12. Qb3 Qf7 13. d5 1/2-1/2

[Event "It (cat.9)"]
[Site "Lipetsk (Russia)"]
[Date "2007.06.23"]
[Round "2"]
[White "Gladyszev Oleg (RUS)"]
[Black "Zontakh Andrey (UKR)"]
[Result "0-1"]
[WhiteElo "2485"]
[BlackElo "2549"]
[PlyCount "136"]
[EventDate "2007.??.??"]
[Source "www.chesslib.no"]
[SourceDate "2004.05.04"]

1. d4 g6 2. c4 Bg7 3. e4 c5 4. d5 d6 5. Bd3 e6 6. Nc3 exd5 7. exd5 Ne7 8. Nge2 Nd7 9. Ng3 Ne5 10. Be2 h5 11. O-O Nf5 12. Nxf5 Bxf5 13. Bf4 O-O 14. Qd2 Re8 15. Rfe1 a6 16. a4 Qb6 17. a5 Qb4 18. h3 Rad8 19. Ra4 Nxc4 20. Qc1 Qxb2 21. Rxc4 Qxc1 22. Rxc1 Bxc3 23. R4xc3 Rxe2 24. Rb3 Rd7 25. Rb6 Ra2 26. Bxd6 Rxa5 27. Re1 f6 28. Be7 c4 29. Bxf6 Raxd5 30. Kh2 R5d6 31. Rxd6 Rxd6 32. Be5 Rc6 33. Bc3 Kf7 34. Kg3 b5 35. Kf4 Re6 36. g4 Bd3 37. Re5 Rf6+ 38. Ke3 hxg4 39. hxg4 Rd6 40. Kf4 Bc2 41. Bb4 Re6 42. Rc5 Rf6+ 43. Ke3 Bd1 44. Rc7+ Ke8 45. g5 Re6+ 46. Kd4 Bf3 47. Rg7 Re4+ 48. Kc3 Re6 49. Kd4 Rc6 50. Re7+ Kd8 51. Rf7 Bg2 52. f3 Re6 53. Kd5 Bh3 54. Rh7 Bf5 55. Rh8+ Kd7 56. Rh7+ Kc8 57. Rf7 Re3 58. Rf8+ Kc7 59. Rf7+ Bd7 60. Ba5+ Kc8 61. Kc5 c3 62. Rf8+ Kb7 63. Kd4 c2 64. Bd2 Re1 65. Rf7 Rd1 66. Ke3 Kc7 67. Rf6 Bf5 68. Rxa6 c1=Q 0-1

[Event "It (cat.9)"]
[Site "Paks (Hungary)"]
[Date "2007.08.09"]
[Round "5"]
[White "Flumbort Andras (HUN)"]
[Black "Nevednichy Vladislav (ROM)"]
[Result "0-1"]
[WhiteElo "2509"]
[BlackElo "2523"]
[PlyCount "82"]
[EventDate "2007.??.??"]
[Source "www.chesslib.no"]
[SourceDate "2004.05.04"]

1. d4 g6 2. c4 Bg7 3. Nf3 c5 4. e4 Qb6 5. dxc5 Qxc5 6. Be2 d6 7. O-O Nc6 8. a3 Qb6 9. Ra2 Bg4 10. Be3 Qc7 11. b4 Bxf3 12. Bxf3 a5 13. b5 Ne5 14. Rc2 Nf6 15. c5 dxc5 16. Rxc5 Qb8 17. Nd2 O-O 18. h3 Nfd7 19. Rc2 Qd6 20. Nc4 Qf6 21. Be2 g5 22. Nxe5 Nxe5 23. Rc7 b6 24. Qc2 h6 25. Rc1 Rfb8 26. a4 Bf8 27. Rd1 Bg7 28. Rd5 Qe6 29. Bc4 Qf6 30. Bd4 Qf4 31. Be3 Nf3+ 32. gxf3 Qxc7 33. Rxg5 Rc8 34. Rxg7+ Kxg7 35. Qb2+ f6 36. Bd5 Rab8 37. f4 Qc2 38. Qa3 Kf8 39. f5 Rc3 40. Bxh6+ Ke8 41. Qa1 Rd8 0-1

[Event "LXIV Campionato polacco"]
[Site "Opole POL"]
[Date "2007.02.15"]
[Round "7"]
[White "Kempinski, R."]
[Black "Grabarczyk, B."]
[Result "1-0"]
[WhiteElo "2590"]
[BlackElo "2441"]
[PlyCount "69"]
[EventDate "2007.02.09"]
[Source "www.chesslib.no"]
[SourceDate "2004.05.04"]

1. d4 g6 2. g3 Bg7 3. Bg2 f5 4. Nh3 Nf6 5. Nf4 Nc6 6. O-O e5 7. dxe5 Nxe5 8. Nc3 c6 9. Nd3 Nf7 10. Be3 d5 11. Bd4 O-O 12. a4 Ng5 13. a5 Ne6 14. Be5 Bh6 15. a6 Ng4 16. Nf4 bxa6 17. Nxe6 Bxe6 18. Bd4 f4 19. h3 Nf6 20. g4 Bc8 21. Qd3 Bg7 22. Na4 Nd7 23. c4 Bxd4 24. Qxd4 Qf6 25. Rfd1 Ne5 26. cxd5 f3 27. exf3 Nxf3+ 28. Bxf3 Qxf3 29. Ra3 Qxd5 30. Qxd5+ cxd5 31. Rxd5 Rb8 32. Rd4 Rb7 33. Rad3 Rbf7 34. Rd8 Rxf2 35. Rxc8 1-0

[Event "Munich Open 9192"]
[Site "Munich GER"]
[Date "1992.??.??"]
[Round "6"]
[White "Gruenberg, Hans-Ulrich"]
[Black "Bischoff, Klaus"]
[Result "1/2-1/2"]
[WhiteElo "2530"]
[BlackElo "2495"]
[PlyCount "64"]
[EventDate "1992.01.??"]
[Source "www.chesslib.no"]
[SourceDate "2004.05.04"]

1. d4 g6 2. c4 Bg7 3. Nc3 c5 4. d5 f5 5. Nf3 d6 6. Qc2 Nf6 7. e3 Na6 8. Be2 O-O 9. O-O Nc7 10. a4 Qe8 11. Bd2 h6 12. Bd3 Na6 13. Nb5 Qf7 14. Bc3 Bd7 15. Qb3 g5 16. Rae1 Ne8 17. e4 fxe4 18. Bxe4 Nf6 19. Bb1 Nh5 20. Re3 Bxc3 21. bxc3 Qg7 22. Nxd6 exd6 23. Qxb7 Rfb8 24. Qxa6 Rb6 25. Qa5 Qf8 26. Rfe1 Qc8 27. g4 Nf6 28. Bf5 Bxf5 29. gxf5 Ra6 30. Qb5 Rb6 31. Qa5 Ra6 32. Qb5 Rb6 1/2-1/2

[Event "ISR-chT"]
[Site "Israel"]
[Date "1997.02.01"]
[Round "3"]
[White "Greenfeld, Alon"]
[Black "Har Zvi, Ronen"]
[Result "1-0"]
[WhiteElo "2520"]
[BlackElo "2505"]
[PlyCount "55"]
[EventDate "1997.??.??"]
[Source "ChessBase"]
[SourceDate "1997.08.01"]

1. d4 g6 2. c4 Bg7 3. Nc3 c5 4. d5 Bxc3+ 5. bxc3 f5 6. e4 fxe4 7. h4 Qa5 8. h5 Qxc3+ 9. Bd2 Qg7 10. Ne2 d6 11. Bc3 Nf6 12. Rb1 Nbd7 13. Ng3 Ne5 14. Be2 O-O 15. Rb3 e3 16. fxe3 Nxh5 17. Nxh5 gxh5 18. Rxh5 Rf5 19. Rxf5 Bxf5 20. Rxb7 Rf8 21. Kd2 Be4 22. Qe1 Qg5 23. Rxa7 Bxg2 24. Qg1 Nf3+ 25. Bxf3 Rxf3 26. Rxe7 Rf1 27. Qh2 Rf2+ 28. Kc1 1-0

[Event "Titovo Uzice"]
[Site "?"]
[Date "1978.??.??"]
[Round "12"]
[White "Kovacevic Vlatko"]
[Black "Ermenkov Evgenij"]
[Result "0-1"]
[WhiteElo "2505"]
[BlackElo "2520"]
[PlyCount "68"]
[EventDate "1978.??.??"]
[Source "www.chesslib.no"]
[SourceDate "2004.05.04"]

1. d4 g6 2. c3 Bg7 3. Bg5 d6 4. e3 Nd7 5. Bd3 f6 6. Bh4 e5 7. Ne2 Qe7 8. Nd2 Nh6 9. Rc1 O-O 10. O-O g5 11. Bg3 f5 12. dxe5 dxe5 13. f3 Nf6 14. e4 f4 15. Bf2 g4 16. b4 b6 17. Qb3+ Kh8 18. c4 gxf3 19. Nxf3 Nfg4 20. h3 Nxf2 21. Rxf2 c5 22. b5 Rg8 23. Nc3 Nf7 24. Nd5 Qd6 25. a4 Bh6 26. Kh1 Rg3 27. Qc3 Bd7 28. a5 Rag8 29. axb6 axb6 30. Rcf1 Bxh3 31. gxh3 Qg6 32. Be2 Rxh3+ 33. Nh2 Rxc3 34. Nxc3 f3 0-1

[Event "Open, Ubeda ESP"]
[Site "?"]
[Date "2001.??.??"]
[Round "4"]
[White "Mirzoev, A."]
[Black "Minasian, Art"]
[Result "0-1"]
[WhiteElo "2460"]
[BlackElo "2565"]
[PlyCount "84"]
[EventDate "2001.??.??"]
[Source "www.chesslib.no"]
[SourceDate "2004.05.04"]

1. d4 g6 2. Nf3 Bg7 3. g3 c5 4. Bg2 cxd4 5. Nxd4 Nc6 6. Nb3 d6 7. O-O Be6 8. e4 Qd7 9. N1d2 h5 10. h4 g5 11. hxg5 h4 12. f4 hxg3 13. f5 Qc7 14. Rf3 Qb6+ 15. Kf1 Bd7 16. Nc4 Qb4 17. Qe2 Ne5 18. Nxe5 Bxe5 19. c3 Qa4 20. Kg1 Rh4 21. Nd2 Bb5 22. Qe1 Rc8 23. Re3 Bf4 24. b3 Qa5 25. c4 Bxe3+ 26. Qxe3 Bc6 27. Qxg3 Qc5+ 28. Kf1 Qd4 29. Qxh4 Qxa1 30. Qe1 Qxa2 31. Kg1 b5 32. Qe3 Qa1 33. Nf1 Bd7 34. Qd2 bxc4 35. bxc4 Rxc4 36. Bb2 Qb1 37. Qd5 Rc2 38. g6 Rxg2+ 39. Kxg2 Qxb2+ 40. Kh1 Qh8+ 41. Kg1 fxg6 42. fxg6 e6 0-1

[Event "Budapest"]
[Site "?"]
[Date "1995.??.??"]
[Round "?"]
[White "Lukacs, P."]
[Black "Nikolaidis, I."]
[Result "1-0"]
[WhiteElo "2480"]
[BlackElo "2540"]
[PlyCount "67"]
[EventDate "1995.??.??"]
[Source "ChessBase"]
[SourceDate "1995.10.01"]

1. d4 g6 2. c4 Bg7 3. Nc3 c5 4. d5 Bxc3+ 5. bxc3 f5 6. e4 d6 7. exf5 Bxf5 8. Bd3 Qd7 9. Nf3 e5 10. Ng5 Ne7 11. f4 O-O 12. O-O Na6 13. Bxf5 Rxf5 14. g4 Rxg5 15. fxg5 Rf8 16. Rxf8+ Kxf8 17. Qf3+ Kg8 18. Bd2 Nc8 19. Rf1 Qe7 20. Qe4 Nc7 21. h4 Ne8 22. h5 Kg7 23. Rf2 b6 24. hxg6 hxg6 25. Rh2 Qf7 26. Qh1 Qg8 27. Qf3 a5 28. a4 Na7 29. Be1 Nc8 30. Qf1 Na7 31. Bg3 Nc8 32. Qe1 Kf7 33. Bxe5 dxe5 34. Qxe5 1-0

[Event "Rovinj/Zagreb"]
[Site "Zagreb CRO"]
[Date "1975.??.??"]
[Round "13"]
[White "Marovic, Drazen"]
[Black "Matulovic, Milan"]
[Result "1/2-1/2"]
[WhiteElo "2490"]
[BlackElo "2530"]
[PlyCount "22"]
[EventDate "1975.??.??"]
[Source "www.chesslib.no"]
[SourceDate "2004.05.04"]

1. d4 g6 2. c4 Bg7 3. Nf3 c5 4. e4 Qa5+ 5. Nc3 Nc6 6. d5 Nd4 7. Bd2 Nxf3+ 8. Qxf3 d6 9. Bd3 Nf6 10. Qe2 O-O 11. O-O e5 1/2-1/2

[Event "otb"]
[Site "otb"]
[Date "2007.04.15"]
[Round "1.2"]
[White "Gajewski Grzegorz"]
[Black "Hera Imre"]
[Result "1-0"]
[WhiteElo "2540"]
[BlackElo "2477"]
[PlyCount "67"]
[Source "www.chesslib.no"]
[SourceDate "2004.05.04"]

1. d4 g6 2. Nf3 Bg7 3. g3 c5 4. c4 cxd4 5. Nxd4 Nc6 6. Nc2 f5 7. Bg2 Nf6 8. O-O O-O 9. Nc3 d6 10. Rb1 Be6 11. b3 Rc8 12. Bb2 a6 13. Nd5 b5 14. Nxf6+ Bxf6 15. Bxc6 Rxc6 16. Nd4 Bxd4 17. Qxd4 Rf6 18. Qe3 f4 19. Qf3 fxg3 20. Qxc6 gxh2+ 21. Kh1 Rf5 22. f3 Rc5 23. Qb7 Bc8 24. Qa8 bxc4 25. bxc4 Qd7 26. Qe4 Rg5 27. Qh4 Rh5 28. Qd4 e5 29. Qd5+ Kg7 30. Ba3 Qh3 31. Qxd6 Rf5 32. Qc7+ Kh6 33. Bc1+ g5 34. Qc6+ 1-0